000 00979cab a2200265 4500
001 ABS55278
008 090401t1996 xxu||||| |||| 00| 0 eng d
035 _a(Sirsi) u15395
041 _aeng
100 _aNicholls, T.
245 _aGeting kicked by clause 66
260 _c1996
350 _a0
490 _aNew Civil Engineer
_v29 June 1996, 30(1)
520 _aReviews "Balfour Beatty v Docklands Light Railway Ltd" and discusses the problems that can occur when an arbitration clause is omitted from a contract.
650 _aARBITRATION CLAUSES
650 _aBALFOUR BEATTY CIVIL ENGINEERING LTD V DOCKLANDS LIGHT RAILWAY LTD
650 _aBUILT ENVIRONMENT-BUILDING CONTRACT FORMS
650 _aCLAUSE 66
650 _aCONTRACTUAL OBLIGATIONS
690 _aMANAGEMENT-DISPUTE AVOIDANCE, MANAGEMENT AND RESOLUTION-DISPUTE MANAGEMENT AND RESOLUTION-ARBITRATION
690 _aBUILT ENVIRONMENT-BUILDING CONTRACT FORMS
942 _n0
948 _c04/03/1997
999 _c10093
_d10093